| 000 | 00517nam a22001817a 4500 | ||
|---|---|---|---|
| 005 | 20171103121346.0 | ||
| 010 | _aENG-121145 | ||
| 020 |
_c150.00 _a9788187952275 |
||
| 035 | _aEN-104677 | ||
| 037 | _bDBAD/PUB | ||
| 082 | _a954.167045092 | ||
| 100 | _aDahdul, Yapa Doriji | ||
| 245 |
_aMemoir / _cby Yapa Dorji Dahdul |
||
| 260 |
_c2011 _aKolkata _bMark-Age Services |
||
| 270 |
_bKolkata _aG-1, Ground Floor _e700084 |
||
| 300 |
_a36p. _b22,(Hb) _c ill. |
||
| 942 |
_2ddc _cMR _mDAH _h954.167045092 |
||
| 999 |
_c147112 _d147112 |
||